Southville International School and Colleges
Your cart is empty.
  • Cart
  • Lists
    Public lists Eva Luna New books Lux_list list_1
    Your lists Log in to create your own lists
  • Log in to your account
  • Your cookies
  • Search history
Southville International School and Colleges
  • Advanced search
  • Recent comments
  • Most popular
  • Libraries

Log in to your account

Log in with GOOGLE


If you do not have an external account, but do have a local account, you can still log in:

  1. Home
  2. MARC view: Tales alive! :
Normal view MARC view ISBD view

Tales alive! : (Record no. 11911)

[ view plain ]
MARC details
000 -LEADER
fixed length control field 00745nam a22002297a 4500
003 - CONTROL NUMBER IDENTIFIER
control field PILC
005 - DATE AND TIME OF LATEST TRANSACTION
control field 20151021102831.0
008 - FIXED-LENGTH DATA ELEMENTS--GENERAL INFORMATION
fixed length control field 130921t xxu||||| |||| 00| 0 eng d
020 ## - INTERNATIONAL STANDARD BOOK NUMBER
International Standard Book Number 0913589799
050 ## - LIBRARY OF CONGRESS CALL NUMBER
Classification number GR 69
Item number .M55 1995
082 ## - DEWEY DECIMAL CLASSIFICATION NUMBER
Classification number GS 398.2
Item number M55
100 ## - MAIN ENTRY--PERSONAL NAME
Personal name Milord, Susan
9 (RLIN) 14436
245 ## - TITLE STATEMENT
Title Tales alive! :
Remainder of title Ten multiculcultural folktales with activities /
Statement of responsibility, etc Milord, Susan
260 ## - PUBLICATION, DISTRIBUTION, ETC. (IMPRINT)
Place of publication, distribution, etc Vermont :
Name of publisher, distributor, etc Williamson Publishing,
Date of publication, distribution, etc 1995.
300 ## - PHYSICAL DESCRIPTION
Extent 127 p. :
Other physical details col. ill. ;
Dimensions 29 cm.
586 ## - AWARDS NOTE
Awards note The parents Choice Honors
650 ## - SUBJECT ADDED ENTRY--TOPICAL TERM
Topical term or geographic name as entry element Tales.
9 (RLIN) 16015
650 ## - SUBJECT ADDED ENTRY--TOPICAL TERM
Topical term or geographic name as entry element Muticulturalism
General subdivision Juvinile literature.
9 (RLIN) 21300
650 ## - SUBJECT ADDED ENTRY--TOPICAL TERM
Topical term or geographic name as entry element Creative activities and seat work
General subdivision Juvenile literature.
9 (RLIN) 21301
942 ## - ADDED ENTRY ELEMENTS (KOHA)
Source of classification or shelving scheme Library of Congress Classification
Koha item type Books
Holdings
Withdrawn status Lost status Source of classification or shelving scheme Damaged status Home library Current library Shelving location Date acquired Total Checkouts Full call number Barcode Date last seen Copy number Price effective from Koha item type
    Library of Congress Classification   Luxembourg Library Luxembourg Library Grade School Section 09/21/2013   GR 69 .M55 1995 7678 09/21/2013 1 09/21/2013 Books

Tales alive! :

APA

Milord S., . (1995). Tales alive!. Vermont: Williamson Publishing.

Chicago

Milord Susan, . 1995. Tales alive!. Vermont: Williamson Publishing.

Harvard

Milord S., . (1995). Tales alive!. Vermont: Williamson Publishing.

MLA

Milord Susan, . Tales alive!. Vermont: Williamson Publishing. 1995.

  • Place hold
  • Print
  • Cite
  • Add to your cart (remove)
  • Save record
    BIBTEX Dublin Core MARCXML MARC (non-Unicode/MARC-8) MARC (Unicode/UTF-8) MARC (Unicode/UTF-8, Standard) MODS (XML) RIS
  • More searches
    Search for this title in:
    Other Libraries (WorldCat) Other Databases (Google Scholar) Online Stores (Bookfinder.com) Open Library (openlibrary.org)

Exporting to Dublin Core...

SOUTHVILLE LIBRARY

Southville International School and Colleges Library

1281 Tropical Ave. Cor. Luxembourg St., BF Homes International, Las Pinas City

Tel. No. 8256374 / 252358 Loc. 117/146

Powered by Koha